000 01466nam0a2200337 4500
001 RU\NLR\bibl\43239
005 20250615030605.0
010 _a5-89120-079-1
_91000
021 _aRU
_b99-18644
_9907
035 _a(NLR Aleph) 000042160
090 _a221147
_c221147
100 _a19990813d1999 |||y0rusy50 ca
101 0 _arus
102 _aRU
105 _ay |||||||||
200 1 _aКазанская педагогическая школа во второй половине XX в.
_fР.В. Шакиров
210 _aКазань
_cМатбугат йорты
_d1999
215 _a527 с., [1] л. цв. портр.
_d23
300 _aВ вып. дан. авт.: Шакиров Р.В.- д.п.н., проф., засл. учитель школы Рос. Федерации, д.чл. Междунар. пед. акад. и Междунар. акад. информатизации
320 _aБиблиогр.: с.501-518 и в подстроч. прим.
320 _aАлф. указ. имен: с.519-526
606 0 _aПедагогика
_xИстория
_yТатарстан, Республика
_92105820
_3RU\NLR\auth\661273094
686 _aЧ33(2Р-6Тат)
700 1 _aШакиров
_bР. В.
_gРоберт Вафич
_4070
801 0 _aRU
_bNLR
_c19990813
_gPSBO
801 1 _aRU
_bNLR
_c19990813
830 _aАвт. раскрыт по кн.
852 _aNLR
_j99-5/2190
942 _cBOOK
980 _aNB